000 01177naa a22003377a 4500
001 BR7703034
003 BR-BrBNA
005 20240918173950.0
007 ta
008 230509b bl.||||| |||| 00| 0 por d
040 _aBR-BrBNA
_bpor
_cBiblioteca Nacional de Agricultura
041 _a(Pt)
072 _aF00
_b0180
_b3575
090 _aF00 BR7703034
110 1 _aComissao de Financiamento da Producao, Brasilia, DF (Brasil)
_91989
111 1 _a2. Seminario Nacional de Armazenagem
_cBrasilia, DF (Brazil)
_d25 Oct 1976
245 1 _aA DEPRECIACAO QUALITATIVA DE SEMENTES EM TRANSITO E ARMAZENADAS
260 3 _aBrasilia, DF (Brasil):
_c1977.
500 _aAnais do 2. Seminario Nacional de Armazenagem Brasilia, DF (Brasil): 1977. v. 2 p. 137-149 (BR7703034-AM)F00
650 _aProducao vegetal
650 _aTrigo
650 _aSemente
650 _aArmazenamento
650 _aDeterioracao
650 _aEmbalagem
650 _aExpurgo
650 _aGerminacao
773 0 _tAnais do 2. Seminario Nacional de Armazenagem
_wF00 BR7703034
_gBrasilia, DF (Brasil), 1977. v. 2 p. 137-149
909 _a202404
_bLucia
_c55
_dLucia Elande
942 _cAM
_2AGRIS
999 _c308010
_d308010